000 00338 a2200121 4500
000 nam a22 7a 4500
005 20260213151218.0
020 _a978-1-3503-5895-9
100 _aFardy, Jonathan
_91115753
245 _aIdeology and interpellation: anti-humanism to non-philosophy
260 _bBloomsbury Academic
_c2024
942 _cTB
999 _c1679639
_d1679639